[Event "DEM U18 2023"]
[Site "Willingen GER"]
[Date "2023.06.03"]
[Round "9"]
[White "Müller, Magnus"]
[Black "Haack, Kevin"]
[Result "1-0"]
[Termination "normal"]
[Board "7"]
[BlackTitle "FM"]
[WhiteElo "2210"]
[BlackElo "2303"]
[WhiteClock "00:02:48"]
[BlackClock "00:09:51"]
[PlyCount "129"]
[WhiteFideId "16230060"]
[BlackFideId "16228715"]
[EventCountry "GER"]
[EventRounds "9"]
[EventType "swiss"]
[EventDate "2023.05.27"]

1. e4 {[%emt 0:00:35]} e5 {[%emt 0:00:09]} 2. Nf3 {[%emt 0:00:07]} Nc6 {[%emt
0:00:07]} 3. Nc3 {[%emt 0:09:28]} Nf6 {[%emt 0:00:21]} 4. Bb5 {[%emt 0:00:19]}
d6 {[%emt 0:07:03]} 5. d4 {[%emt 0:00:39]} exd4 {[%emt 0:02:05]} 6. Nxd4 {[%emt
0:00:15]} Bd7 {[%emt 0:00:47]} 7. O-O {[%emt 0:08:50]} Be7 {[%emt 0:12:36]} 8.
h3 {[%emt 0:01:43]} O-O {[%emt 0:05:41]} 9. Bxc6 {[%emt 0:00:56]} bxc6 {[%emt
0:02:39]} 10. Qf3 {[%emt 0:00:15]} c5 {[%emt 0:17:37]} 11. Nde2 {[%emt
0:00:20]} Bc6 {[%emt 0:02:08]} 12. Ng3 {[%emt 0:01:00]} g6 {[%emt 0:04:17]} 13.
b3 {[%emt 0:18:47]} Nd7 {[%emt 0:03:52]} 14. Qd3 {[%emt 0:01:27]} Bf6 {[%emt
0:01:24]} 15. Bb2 {[%emt 0:00:05]} Re8 {[%emt 0:03:13]} 16. Rad1 {[%emt
0:00:07]} h5 {[%emt 0:01:32]} 17. Qa6 {[%emt 0:16:19]} Nb8 {[%emt 0:03:22]} 18.
Qd3 {[%emt 0:06:37]} Nd7 {[%emt 0:00:32]} 19. Qa6 {[%emt 0:01:48]} Nb8 {[%emt
0:00:05]} 20. Qc4 {[%emt 0:00:43]} h4 {[%emt 0:00:05]} 21. Nge2 {[%emt
0:00:42]} Nd7 {[%emt 0:00:09]} 22. Nf4 {[%emt 0:04:08]} Nb6 {[%emt 0:05:18]}
23. Qd3 {[%emt 0:02:10]} Be5 {[%emt 0:02:20]} 24. Nfe2 {[%emt 0:04:06]} Rb8
{[%emt 0:01:30]} 25. Ba1 {[%emt 0:00:54]} Qe7 {[%emt 0:01:57]} 26. Rfe1 {[%emt
0:01:29]} Bg7 {[%emt 0:02:36]} 27. Nf4 {[%emt 0:00:53]} Qg5 {[%emt 0:01:50]}
28. Nfd5 {[%emt 0:05:31]} Nxd5 {[%emt 0:01:24]} 29. exd5 {[%emt 0:00:30]} Bd7
{[%emt 0:01:47]} 30. Ne4 {[%emt 0:00:17]} Qf4 {[%emt 0:02:49]} 31. Bxg7 {[%emt
0:00:40]} Kxg7 {[%emt 0:00:05]} 32. Re3 {[%emt 0:01:19]} Bf5 {[%emt 0:03:10]}
33. Rde1 {[%emt 0:03:25]} Re5 {[%emt 0:03:52]} 34. Qc3 {[%emt 0:00:56]} f6
{[%emt 0:02:25]} 35. Nd2 {[%emt 0:00:29]} Qd4 {[%emt 0:01:15]} 36. Qa5 {[%emt
0:01:04]} Rxe3 {[%emt 0:02:38]} 37. Rxe3 {[%emt 0:01:29]} Rc8 {[%emt 0:01:12]}
38. c4 {[%emt 0:00:27]} Qa1+ {[%emt 0:00:57]} 39. Kh2 {[%emt 0:00:49]} Qb2
{[%emt 0:00:30]} 40. Kg1 {[%emt 0:04:10]} g5 {[%emt 0:02:14]} 41. Nf1 {[%emt
0:03:45]} Bb1 {[%emt 0:05:45]} 42. a4 {[%emt 0:02:34]} Bf5 {[%emt 0:03:57]} 43.
Qxa7 {[%emt 0:00:45]} Qb1 {[%emt 0:01:06]} 44. Qb7 {[%emt 0:01:36]} Rf8 {[%emt
0:02:27]} 45. Qxc7+ {[%emt 0:07:12]} Rf7 {[%emt 0:02:12]} 46. Qa5 {[%emt
0:02:54]} Rb7 {[%emt 0:01:51]} 47. Qc3 {[%emt 0:02:38]} Kg6 {[%emt 0:01:21]}
48. Qa5 {[%emt 0:08:48]} Kg7 {[%emt 0:03:17]} 49. Qa8 {[%emt 0:02:42]} Rf7
{[%emt 0:01:15]} 50. Qe8 {[%emt 0:01:38]} Bg6 {[%emt 0:02:59]} 51. Re7 {[%emt
0:02:48]} Rxe7 52. Qxe7+ Kg8 53. Qxf6 Bd3 54. Qxg5+ Kf7 55. Qh5+ Kf8 56. Qxh4
Bxf1 57. Qf6+ Kg8 58. Qe6+ Kg7 59. Qe7+ Kg8 60. Qxd6 Bxc4+ 61. Kh2 Bxb3 62.
Qxc5 Qd3 63. d6 Be6 64. Qg5+ Kh8 65. Qf6+ 1-0

[Event "DEM U18 2023"]
[Site "Willingen GER"]
[Date "2023.06.03"]
[Round "9"]
[White "Bornholdt, Joa Max"]
[Black "Spriestersbach, Kai"]
[Result "1-0"]
[Termination "normal"]
[Board "8"]
[WhiteTitle "FM"]
[WhiteElo "2250"]
[BlackElo "2230"]
[WhiteClock "00:04:03"]
[BlackClock "00:01:20"]
[PlyCount "83"]
[WhiteFideId "16253477"]
[BlackFideId "16269985"]
[EventCountry "GER"]
[EventRounds "9"]
[EventType "swiss"]
[EventDate "2023.05.27"]

1. d4 {[%clk 01:30:35]} {[%emt 00:00:25]} Nf6 {[%clk 01:30:54]} {[%emt
00:00:06]} 2. c4 {[%clk 01:31:00]} {[%emt 00:00:05]} g6 {[%clk 01:31:21]}
{[%emt 00:00:04]} 3. Nc3 {[%clk 01:30:41]} {[%emt 00:00:49]} Bg7 {[%clk
01:31:44]} {[%emt 00:00:05]} 4. e4 {[%clk 01:30:53]} {[%emt 00:00:20]} d6
{[%clk 01:32:08]} {[%emt 00:00:05]} 5. Nge2 {[%clk 01:28:54]} {[%emt 00:02:28]}
O-O {[%emt 00:02:09]} 6. Ng3 {[%clk 01:28:51]} {[%emt 00:00:29]} c5 {[%clk
01:27:56]} {[%emt 00:03:07]} 7. d5 {[%clk 01:29:05]} {[%emt 00:00:17]} h5
{[%clk 01:26:22]} {[%emt 00:02:04]} 8. Be2 {[%clk 01:27:14]} {[%emt 00:02:21]}
h4 {[%clk 01:21:40]} {[%emt 00:05:12]} 9. Nf1 {[%clk 01:25:50]} {[%emt
00:01:54]} h3 {[%clk 01:21:05]} {[%emt 00:01:05]} 10. g4 {[%clk 01:19:24]}
{[%emt 00:06:57]} e6 {[%clk 01:15:54]} {[%emt 00:05:41]} 11. Rg1 {[%clk
01:08:13]} {[%emt 00:11:41]} exd5 {[%clk 01:01:59]} {[%emt 00:14:26]} 12. cxd5
{[%clk 01:07:15]} {[%emt 00:01:28]} a6 {[%clk 00:39:18]} {[%emt 00:23:11]} 13.
a4 {[%clk 01:05:00]} {[%emt 00:02:45]} Nbd7 {[%clk 00:36:20]} {[%emt 00:03:28]}
14. Be3 {[%clk 00:57:49]} {[%emt 00:07:42]} Qa5 {[%clk 00:31:43]} {[%emt
00:05:06]} 15. Nd2 {[%clk 00:53:28]} {[%emt 00:04:51]} Re8 {[%clk 00:30:09]}
{[%emt 00:02:04]} 16. Kf1 {[%clk 00:51:10]} {[%emt 00:02:49]} Qc7 {[%clk
00:24:24]} {[%emt 00:06:15]} 17. Rg3 {[%clk 00:43:36]} {[%emt 00:08:04]} c4
{[%clk 00:22:14]} {[%emt 00:02:40]} 18. Rxh3 {[%clk 00:37:34]} {[%emt
00:06:32]} Nc5 {[%clk 00:20:13]} {[%emt 00:02:31]} 19. f3 {[%clk 00:32:20]}
{[%emt 00:05:44]} Nd3 {[%clk 00:20:22]} {[%emt 00:00:20]} 20. Qb1 {[%clk
00:31:59]} {[%emt 00:00:51]} Ne5 {[%clk 00:18:26]} {[%emt 00:02:26]} 21. Qe1
{[%clk 00:27:09]} {[%emt 00:05:20]} Nh5 {[%clk 00:15:15]} {[%emt 00:03:40]} 22.
Kg2 {[%clk 00:23:17]} {[%emt 00:04:21]} Qd7 {[%clk 00:13:17]} {[%emt 00:02:29]}
23. Kh1 {[%clk 00:21:50]} {[%emt 00:01:57]} Nd3 {[%clk 00:12:05]} {[%emt
00:01:43]} 24. Bxd3 {[%clk 00:22:08]} {[%emt 00:00:11]} cxd3 {[%clk 00:12:29]}
{[%emt 00:00:06]} 25. Nc4 {[%clk 00:21:47]} {[%emt 00:00:51]} Qe7 {[%clk
00:11:24]} {[%emt 00:01:37]} 26. Qg1 {[%clk 00:19:29]} {[%emt 00:02:45]} Nf6
{[%clk 00:10:08]} {[%emt 00:01:46]} 27. Rg3 {[%clk 00:16:42]} {[%emt 00:03:17]}
Nxg4 {[%clk 00:07:25]} {[%emt 00:03:13]} 28. Rxg4 {[%clk 00:16:19]} {[%emt
00:00:54]} Bxg4 {[%clk 00:07:39]} {[%emt 00:00:16]} 29. Qxg4 {[%clk 00:16:44]}
{[%emt 00:00:04]} Rac8 {[%clk 00:05:45]} {[%emt 00:02:24]} 30. Nb6 {[%clk
00:14:30]} {[%emt 00:02:44]} Rc7 {[%clk 00:05:46]} {[%emt 00:00:30]} 31. Rd1
{[%clk 00:13:26]} {[%emt 00:01:34]} Kh7 {[%clk 00:01:27]} {[%emt 00:04:48]} 32.
Rxd3 {[%clk 00:09:46]} {[%emt 00:04:11]} Rh8 {[%clk 00:01:45]} {[%emt
00:00:12]} 33. Rd2 {[%clk 00:07:44]} {[%emt 00:02:32]} f5 {[%clk 00:01:35]}
{[%emt 00:00:39]} 34. Qg2 {[%clk 00:06:56]} {[%emt 00:01:18]} Bxc3 {[%clk
00:00:43]} {[%emt 00:01:23]} 35. bxc3 {[%clk 00:07:18]} {[%emt 00:00:08]} Rxc3
{[%clk 00:01:12]} {[%emt 00:00:01]} 36. Re2 {[%clk 00:05:55]} {[%emt 00:01:53]}
fxe4 {[%clk 00:01:18]} {[%emt 00:00:24]} 37. Bd4 {[%clk 00:04:19]} {[%emt
00:02:06]} Rc1+ {[%clk 00:01:42]} {[%emt 00:00:06]} 38. Bg1 {[%clk 00:04:47]}
Qc7 {[%clk 00:01:39]} {[%emt 00:00:34]} 39. Rxe4 {[%clk 00:04:28]} {[%emt
00:00:48]} Kg7 {[%clk 00:01:09]} {[%emt 00:01:00]} 40. Qb2+ {[%clk 00:03:11]}
{[%emt 00:01:48]} Qc3 {[%clk 00:00:56]} {[%emt 00:00:43]} 41. Qxc3+ {[%clk
00:03:35]} {[%emt 00:00:06]} Rxc3 {[%clk 00:01:20]} {[%emt 00:00:05]} 42. Bd4+
{[%clk 00:04:03]} {[%emt 00:00:02]} 1-0

[Event "DEM U18 2023"]
[Site "Willingen GER"]
[Date "2023.06.03"]
[Round "9"]
[White "Lutz, Ruben"]
[Black "Musiolik, David"]
[Result "0-1"]
[Termination "normal"]
[Board "9"]
[WhiteElo "2211"]
[BlackElo "2291"]
[WhiteClock "00:00:33"]
[BlackClock "00:05:17"]
[PlyCount "76"]
[WhiteFideId "12975974"]
[BlackFideId "12972355"]
[EventCountry "GER"]
[EventRounds "9"]
[EventType "swiss"]
[EventDate "2023.05.27"]

1. d4 {[%clk 01:30:58]} d5 {[%clk 01:30:50]} {[%emt 00:00:12]} 2. c4 {[%clk
01:31:22]} {[%emt 00:00:09]} e6 {[%clk 01:31:12]} {[%emt 00:00:05]} 3. Nf3
{[%clk 01:31:46]} {[%emt 00:00:05]} a6 {[%clk 01:31:16]} {[%emt 00:00:27]} 4.
g3 {[%clk 01:21:21]} {[%emt 00:10:54]} dxc4 {[%clk 01:30:52]} {[%emt 00:00:54]}
5. Bg2 {[%clk 01:21:47]} {[%emt 00:00:04]} b5 {[%clk 01:30:39]} {[%emt
00:00:44]} 6. O-O {[%clk 01:17:21]} {[%emt 00:04:54]} Bb7 {[%clk 01:30:08]}
{[%emt 00:01:02]} 7. a4 {[%clk 01:17:26]} {[%emt 00:00:25]} Nd7 {[%clk
01:24:24]} {[%emt 00:06:14]} 8. b3 {[%clk 00:45:13]} {[%emt 00:32:43]} cxb3
{[%clk 01:21:35]} {[%emt 00:03:18]} 9. Qxb3 {[%clk 00:45:18]} {[%emt 00:00:25]}
b4 {[%clk 01:20:21]} {[%emt 00:01:44]} 10. a5 {[%clk 00:45:22]} {[%emt
00:00:26]} Ngf6 {[%clk 01:11:03]} {[%emt 00:09:48]} 11. Nbd2 {[%clk 00:45:08]}
{[%emt 00:00:43]} Be7 {[%clk 01:06:05]} {[%emt 00:05:30]} 12. Bb2 {[%clk
00:43:54]} {[%emt 00:01:42]} O-O {[%clk 01:03:39]} {[%emt 00:02:57]} 13. Nc4
{[%clk 00:43:20]} {[%emt 00:01:04]} Qb8 {[%clk 00:57:23]} {[%emt 00:06:45]} 14.
Rac1 {[%clk 00:40:21]} {[%emt 00:03:29]} c5 {[%clk 00:47:38]} {[%emt 00:10:16]}
15. dxc5 {[%clk 00:31:08]} {[%emt 00:09:43]} Bxc5 {[%clk 00:45:59]} {[%emt
00:02:09]} 16. Nce5 {[%clk 00:31:28]} {[%emt 00:00:10]} Bd5 {[%clk 00:41:42]}
{[%emt 00:04:47]} 17. Qa4 {[%clk 00:29:05]} {[%emt 00:02:54]} Qb7 {[%clk
00:34:50]} {[%emt 00:07:22]} 18. Nd3 {[%clk 00:23:25]} {[%emt 00:06:10]} Be7
{[%clk 00:33:31]} {[%emt 00:01:49]} 19. Qa1 {[%clk 00:21:31]} {[%emt 00:02:24]}
Rfc8 {[%clk 00:32:39]} {[%emt 00:01:22]} 20. Nh4 {[%clk 00:20:59]} {[%emt
00:01:02]} Bf8 {[%clk 00:22:30]} {[%emt 00:10:39]} 21. Bd4 {[%clk 00:20:23]}
{[%emt 00:01:08]} Bxg2 {[%clk 00:20:44]} {[%emt 00:02:14]} 22. Nxg2 {[%clk
00:20:48]} {[%emt 00:00:04]} Ne4 {[%clk 00:20:57]} {[%emt 00:00:17]} 23. Rfd1
{[%clk 00:17:12]} {[%emt 00:04:07]} Ndc5 {[%clk 00:19:59]} {[%emt 00:01:28]}
24. Nxc5 {[%clk 00:15:30]} {[%emt 00:02:12]} Nxc5 {[%clk 00:20:14]} {[%emt
00:00:15]} 25. Rb1 {[%clk 00:14:49]} {[%emt 00:01:11]} Ne4 {[%clk 00:19:35]}
{[%emt 00:01:09]} 26. Nf4 {[%clk 00:12:18]} {[%emt 00:03:01]} Qb5 {[%clk
00:18:52]} {[%emt 00:01:14]} 27. Nd3 {[%clk 00:10:20]} {[%emt 00:02:28]} Nc3
{[%clk 00:17:12]} {[%emt 00:02:09]} 28. Bxc3 {[%clk 00:09:54]} {[%emt
00:00:57]} Rxc3 {[%clk 00:17:35]} {[%emt 00:00:07]} 29. Rdc1 {[%clk 00:07:12]}
{[%emt 00:03:12]} Rxc1+ {[%clk 00:12:46]} {[%emt 00:05:19]} 30. Rxc1 {[%clk
00:06:04]} {[%emt 00:01:38]} Rb8 {[%clk 00:12:52]} {[%emt 00:00:24]} 31. Rb1
{[%clk 00:05:36]} {[%emt 00:00:58]} Rc8 {[%clk 00:10:34]} {[%emt 00:02:48]} 32.
Qa2 {[%clk 00:04:45]} {[%emt 00:01:21]} g6 {[%clk 00:08:05]} {[%emt 00:02:58]}
33. h4 {[%clk 00:04:05]} {[%emt 00:01:10]} Rc3 {[%clk 00:07:16]} {[%emt
00:01:20]} 34. Qb2 {[%clk 00:02:26]} {[%emt 00:02:09]} Rc4 {[%clk 00:06:50]}
{[%emt 00:00:56]} 35. Qb3 {[%clk 00:02:01]} {[%emt 00:00:55]} Re4 {[%clk
00:05:48]} {[%emt 00:01:31]} 36. Qa2 {[%clk 00:01:39]} {[%emt 00:00:53]} Rd4
{[%clk 00:04:55]} {[%emt 00:01:23]} 37. Nc1 {[%clk 00:00:33]} {[%emt 00:01:36]}
Rd1+ {[%clk 00:04:56]} {[%emt 00:00:28]} 38. Kg2 {[%clk 00:00:33]} {[%emt
00:00:31]} Qc6+ {[%clk 00:05:17]} {[%emt 00:00:11]} 0-1

[Event "DEM U18 2023"]
[Site "Willingen GER"]
[Date "2023.06.03"]
[Round "9"]
[White "Matthäi, Jakob"]
[Black "Chitsazian, Daniel"]
[Result "1-0"]
[Termination "normal"]
[Board "10"]
[WhiteElo "2046"]
[BlackElo "1900"]
[WhiteClock "00:37:01"]
[BlackClock "00:17:27"]
[PlyCount "111"]
[WhiteFideId "16240421"]
[BlackFideId "34607560"]
[EventCountry "GER"]
[EventRounds "9"]
[EventType "swiss"]
[EventDate "2023.05.27"]

1. e4 {[%clk 01:30:58]} {[%emt 00:00:02]} c6 {[%clk 01:30:44]} {[%emt
00:00:17]} 2. d4 {[%clk 01:31:24]} {[%emt 00:00:06]} d5 {[%clk 01:30:34]}
{[%emt 00:00:37]} 3. Nd2 {[%clk 01:31:49]} {[%emt 00:00:05]} dxe4 {[%clk
01:30:55]} {[%emt 00:00:09]} 4. Nxe4 {[%clk 01:32:15]} {[%emt 00:00:05]} Bf5
{[%clk 01:31:20]} {[%emt 00:00:05]} 5. Ng3 {[%clk 01:32:39]} {[%emt 00:00:05]}
Bg6 {[%clk 01:31:47]} {[%emt 00:00:03]} 6. Nf3 {[%clk 01:32:57]} {[%emt
00:00:12]} Nd7 {[%clk 01:32:10]} {[%emt 00:00:08]} 7. Bc4 {[%clk 01:32:52]}
{[%emt 00:00:34]} e6 {[%clk 01:32:18]} {[%emt 00:00:22]} 8. O-O {[%clk
01:31:54]} {[%emt 00:01:31]} Ngf6 {[%clk 01:30:31]} {[%emt 00:02:14]} 9. Re1
{[%clk 01:31:13]} {[%emt 00:01:10]} Be7 {[%clk 01:29:35]} {[%emt 00:01:26]} 10.
c3 {[%clk 01:31:15]} {[%emt 00:00:29]} b5 {[%clk 01:16:51]} {[%emt 00:13:13]}
11. Bf1 {[%clk 01:28:05]} {[%emt 00:03:40]} h6 {[%clk 01:12:24]} {[%emt
00:04:57]} 12. Ne2 {[%clk 01:25:33]} {[%emt 00:03:02]} Nd5 {[%clk 01:04:47]}
{[%emt 00:08:08]} 13. Nf4 {[%clk 01:22:56]} {[%emt 00:03:07]} Nxf4 {[%clk
01:04:35]} {[%emt 00:00:41]} 14. Bxf4 {[%clk 01:23:24]} {[%emt 00:00:02]} O-O
{[%clk 00:52:10]} {[%emt 00:12:56]} 15. Qd2 {[%clk 01:20:19]} {[%emt 00:03:35]}
Bf6 {[%clk 00:45:12]} {[%emt 00:07:29]} 16. a4 {[%clk 01:15:23]} {[%emt
00:05:26]} a6 {[%clk 00:43:33]} {[%emt 00:02:09]} 17. a5 {[%clk 01:13:43]}
{[%emt 00:02:09]} c5 {[%clk 00:34:23]} {[%emt 00:09:40]} 18. d5 {[%clk
01:05:18]} {[%emt 00:08:55]} Bf5 {[%clk 00:33:27]} {[%emt 00:01:25]} 19. c4
{[%clk 00:44:06]} {[%emt 00:21:42]} exd5 {[%clk 00:29:18]} {[%emt 00:04:40]}
20. cxd5 {[%clk 00:37:11]} {[%emt 00:07:24]} Rc8 {[%clk 00:28:37]} {[%emt
00:01:11]} 21. Bd6 {[%clk 00:30:20]} {[%emt 00:07:22]} Re8 {[%clk 00:28:58]}
{[%emt 00:00:09]} 22. Rxe8+ {[%clk 00:27:35]} {[%emt 00:03:14]} Qxe8 {[%clk
00:29:26]} {[%emt 00:00:02]} 23. Re1 {[%clk 00:27:30]} {[%emt 00:00:34]} Qd8
{[%clk 00:29:42]} {[%emt 00:00:15]} 24. Ne5 {[%clk 00:17:35]} {[%emt 00:10:25]}
Nxe5 {[%clk 00:16:12]} {[%emt 00:14:00]} 25. Bxe5 {[%clk 00:18:00]} {[%emt
00:00:04]} Bg5 {[%clk 00:16:30]} {[%emt 00:00:12]} 26. f4 {[%clk 00:14:41]}
{[%emt 00:03:50]} Be7 {[%clk 00:16:44]} {[%emt 00:00:16]} 27. g4 {[%clk
00:08:29]} {[%emt 00:06:41]} Bxg4 {[%clk 00:15:50]} {[%emt 00:01:25]} 28. Qg2
{[%clk 00:08:37]} {[%emt 00:00:21]} f6 {[%clk 00:16:01]} {[%emt 00:00:19]} 29.
Qxg4 {[%clk 00:08:17]} {[%emt 00:00:50]} fxe5 {[%clk 00:16:29]} {[%emt
00:00:03]} 30. Qe6+ {[%clk 00:08:15]} {[%emt 00:00:31]} Kh8 {[%clk 00:16:29]}
{[%emt 00:00:25]} 31. fxe5 {[%clk 00:06:58]} {[%emt 00:01:52]} Bh4 {[%clk
00:16:48]} {[%emt 00:00:11]} 32. Re4 {[%clk 00:06:31]} {[%emt 00:00:57]} Qg5+
{[%clk 00:04:31]} {[%emt 00:12:48]} 33. Qg4 {[%clk 00:06:33]} {[%emt 00:00:27]}
Qxg4+ {[%clk 00:04:58]} {[%emt 00:00:04]} 34. Rxg4 {[%clk 00:07:00]} {[%emt
00:00:03]} Bg5 {[%clk 00:05:13]} {[%emt 00:00:15]} 35. Re4 {[%clk 00:06:18]}
{[%emt 00:01:11]} Rd8 {[%clk 00:04:05]} {[%emt 00:01:39]} 36. d6 {[%clk
00:05:41]} {[%emt 00:01:07]} c4 {[%clk 00:04:30]} {[%emt 00:00:04]} 37. h4
{[%clk 00:05:04]} {[%emt 00:01:07]} Bf6 {[%clk 00:04:17]} {[%emt 00:00:43]} 38.
exf6 {[%emt 00:00:14]} gxf6 39. Rd4 {[%clk 00:05:18]} {[%emt 00:00:33]} Kg7
{[%clk 00:03:46]} {[%emt 00:01:31]} 40. Bg2 {[%clk 00:05:04]} {[%emt 00:00:44]}
b4 {[%clk 00:02:49]} {[%emt 00:01:27]} 41. Rxc4 {[%clk 00:05:07]} {[%emt
00:00:27]} Rxd6 {[%clk 00:28:41]} {[%emt 00:04:38]} 42. Rxb4 {[%clk 00:35:30]}
{[%emt 00:00:08]} Rd1+ {[%clk 00:28:45]} {[%emt 00:00:25]} 43. Kh2 {[%clk
00:35:55]} {[%emt 00:00:05]} Ra1 {[%clk 00:29:04]} {[%emt 00:00:12]} 44. Rb7+
{[%clk 00:36:06]} {[%emt 00:00:19]} Kg6 {[%clk 00:27:57]} {[%emt 00:01:37]} 45.
b4 {[%clk 00:36:16]} {[%emt 00:00:19]} Kh5 {[%clk 00:25:09]} {[%emt 00:03:18]}
46. Kg3 {[%clk 00:36:02]} {[%emt 00:00:44]} Kg6 {[%clk 00:21:36]} {[%emt
00:04:04]} 47. Be4+ {[%clk 00:36:07]} {[%emt 00:00:25]} f5 {[%clk 00:21:45]}
{[%emt 00:00:22]} 48. Rb6+ {[%clk 00:36:23]} {[%emt 00:00:14]} Kg7 {[%clk
00:20:55]} {[%emt 00:01:18]} 49. Bxf5 {[%clk 00:36:40]} {[%emt 00:00:14]} Rg1+
{[%clk 00:21:20]} {[%emt 00:00:05]} 50. Kf4 {[%clk 00:36:39]} {[%emt 00:00:31]}
Rf1+ {[%clk 00:19:29]} {[%emt 00:02:22]} 51. Ke5 {[%clk 00:37:00]} {[%emt
00:00:09]} Re1+ {[%clk 00:18:43]} {[%emt 00:01:15]} 52. Be4 {[%clk 00:37:25]}
{[%emt 00:00:06]} h5 {[%clk 00:17:59]} {[%emt 00:01:14]} 53. Rb7+ {[%clk
00:37:37]} {[%emt 00:00:18]} Kh8 {[%clk 00:17:33]} {[%emt 00:00:56]} 54. b5
{[%clk 00:36:36]} {[%emt 00:01:32]} Ra1 {[%clk 00:17:31]} {[%emt 00:00:32]} 55.
Kf6 {[%clk 00:36:37]} {[%emt 00:00:28]} Rf1+ {[%clk 00:17:27]} {[%emt
00:00:34]} 56. Bf5 {[%clk 00:37:01]} {[%emt 00:00:07]} 1-0

[Event "DEM U18 2023"]
[Site "Willingen GER"]
[Date "2023.06.03"]
[Round "9"]
[White "Plaumann, Arvin"]
[Black "Pikalow, Michael"]
[Result "0-1"]
[Termination "normal"]
[Board "12"]
[WhiteElo "1786"]
[BlackElo "2147"]
[WhiteClock "00:42:26"]
[BlackClock "00:27:19"]
[PlyCount "42"]
[WhiteFideId "16272927"]
[BlackFideId "16227638"]
[EventCountry "GER"]
[EventRounds "9"]
[EventType "swiss"]
[EventDate "2023.05.27"]

1. d4 {[%clk 01:30:58]} {[%emt 00:00:01]} f5 {[%clk 01:30:55]} {[%emt
00:00:05]} 2. Bg5 {[%clk 01:31:19]} {[%emt 00:00:09]} h6 {[%clk 01:29:55]}
{[%emt 00:01:30]} 3. Bh4 {[%clk 01:31:44]} {[%emt 00:00:07]} g5 {[%clk
01:28:44]} {[%emt 00:01:39]} 4. Bg3 {[%clk 01:32:09]} {[%emt 00:00:05]} Bg7
{[%clk 01:27:30]} {[%emt 00:01:44]} 5. e3 {[%clk 01:31:42]} {[%emt 00:00:58]}
c5 {[%clk 01:27:54]} {[%emt 00:00:06]} 6. Qh5+ {[%clk 01:28:05]} {[%emt
00:04:06]} Kf8 {[%clk 01:28:21]} {[%emt 00:00:03]} 7. Bc4 {[%clk 01:28:10]}
{[%emt 00:00:25]} d5 {[%clk 01:17:07]} {[%emt 00:11:45]} 8. Bd3 {[%clk
01:10:34]} {[%emt 00:18:06]} cxd4 {[%clk 01:07:37]} {[%emt 00:10:00]} 9. exd4
{[%clk 01:07:14]} {[%emt 00:03:50]} Nf6 {[%clk 01:03:54]} {[%emt 00:04:13]} 10.
Qe2 {[%clk 01:05:18]} {[%emt 00:02:26]} f4 {[%clk 01:00:39]} {[%emt 00:03:45]}
11. Nf3 {[%clk 01:03:53]} {[%emt 00:01:56]} Bg4 {[%clk 00:59:10]} {[%emt
00:01:59]} 12. Nbd2 {[%clk 01:03:47]} {[%emt 00:00:36]} Nc6 {[%clk 00:57:56]}
{[%emt 00:01:44]} 13. h3 {[%clk 00:59:15]} {[%emt 00:05:00]} Bxf3 {[%clk
00:52:25]} {[%emt 00:06:02]} 14. Nxf3 {[%clk 00:59:27]} {[%emt 00:00:18]} fxg3
{[%clk 00:48:03]} {[%emt 00:04:52]} 15. fxg3 {[%clk 00:59:50]} {[%emt
00:00:07]} Ne4 {[%clk 00:34:39]} {[%emt 00:13:55]} 16. O-O-O {[%clk 00:55:57]}
{[%emt 00:04:22]} Nxg3 {[%clk 00:31:11]} {[%emt 00:03:59]} 17. Qe3 {[%clk
00:48:24]} {[%emt 00:08:03]} Qd6 {[%clk 00:30:04]} {[%emt 00:01:37]} 18. Rhe1
{[%clk 00:44:44]} {[%emt 00:04:10]} Qf4 {[%clk 00:28:35]} {[%emt 00:01:58]} 19.
Ne5 {[%clk 00:42:02]} {[%emt 00:03:12]} Qxe3+ {[%clk 00:28:09]} {[%emt
00:00:56]} 20. Rxe3 {[%clk 00:42:24]} {[%emt 00:00:08]} Bxe5 {[%clk 00:27:25]}
{[%emt 00:01:15]} 21. dxe5 {[%clk 00:42:26]} {[%emt 00:00:28]} Ne4 {[%clk
00:27:19]} {[%emt 00:00:36]} 0-1